000 00359nam a2200145Ia 4500
005 20251222141950.0
008 251222s9999||||xx |||||||||||||| ||spa||
020 _a950-9065-98-6
082 _aREF.340/C12
100 _aCabanellas de Torres, Guillermo
245 0 _aDiccionario Jurídico Elemental
250 _a13a. ed.
264 _bHeliasta
942 _cLIB
999 _c9655
_d9655